Normal view
MARC view
Entry Personal Name
001 - CONTROL NUMBER
- control field: 17602
003 - CONTROL NUMBER IDENTIFIER
- control field: BD-RjUL
005 - DATE AND TIME OF LATEST TRANSACTION
- control field: 20260118100725.0
008 - FIXED-LENGTH DATA ELEMENTS
- fixed length control field: 260118|| aca||aabn | a|a d
040 ## - CATALOGING SOURCE
- Original cataloging agency: BD-RjUL
- Transcribing agency: BD-RjUL
100 ## - HEADING--PERSONAL NAME
- Personal name: گورکھپورى،مجنوں, , Gorakhpūrī , M
- Dates associated with a name: 1988-1904
670 ## - SOURCE DATA FOUND
- Source citation: Work cat.: (BD-RjUL)86110: گورکھپورى،مجنوں, , Gorakhpūrī , M 1988-1904, نقوش و افکار / Nuqūsh o afkār /